Các kỹ xảo lập trình Microsoft Visual Basic và Borland Delphi /

Cuốn sách "Các kỹ xảo lập trình Microsoft Visual Basic &Borland Delphi" nhằm gửi đến bạn đọc những kỹ thuật lập trình hiệu quả, các mẹo hay những gút mắc mà bạn vẫn thường gặp khi phát triển ứng dụng trên môi trường Delphi và Visual Basic....

Cijeli opis

Spremljeno u:
Bibliografski detalji
Glavni autor: Lê Hữu Đạt.
Daljnji autori: Hoàng Đức Hải., Lê Phương Lan.
Format: Knjiga
Jezik:Vietnamese
Izdano: Hà Nội : Giáo dục, 2000.
Teme:
Oznake: Dodaj oznaku
Bez oznaka, Budi prvi tko označuje ovaj zapis!
Thư viện lưu trữ: Mạng thư viện Đại học Đà Nẵng
LEADER 01501cam a2200409 i 4500
001 000042990
003 865
005 20030916091731.0
008 010217b2000 vm 000 vie
020 |c 72000 
022 |a T 
040 |a IRC  |c IRC  |d IRC 
041 0 |a vie 
082 1 4 |a 005.13  |b LÊ-Đ 
100 1 |a Lê Hữu Đạt. 
245 0 4 |a Các kỹ xảo lập trình Microsoft Visual Basic và Borland Delphi /  |c Lê Hữu Đạt chủ biên, Lê Phương Lan, Hoàng Đức Hải. 
260 |a Hà Nội :  |b Giáo dục,  |c 2000. 
300 |a 626tr. ;  |c 23,3cm. 
520 3 |a Cuốn sách "Các kỹ xảo lập trình Microsoft Visual Basic &Borland Delphi" nhằm gửi đến bạn đọc những kỹ thuật lập trình hiệu quả, các mẹo hay những gút mắc mà bạn vẫn thường gặp khi phát triển ứng dụng trên môi trường Delphi và Visual Basic. 
630 0 4 |a Tin học. 
630 0 4 |a Kỹ xảo lập trình. 
630 0 4 |a Microsoft Visual Basic. 
630 0 4 |a Computer program language. 
650 0 4 |a Microsoft Visual Basic (Ngôn ngữ lập trình máy tính) 
650 0 4 |a Borland Delphi (Ngôn ngữ lập trình máy tính) 
700 1 |a Hoàng Đức Hải. 
700 1 |a Lê Phương Lan. 
OWN |a DUT 
999 |a From the UDN01 
TYP |a Monograph 
TYP |a Printed language 
980 |a Mạng thư viện Đại học Đà Nẵng